Derecho romano
Uloženo v:
| Médium: | Kniha |
|---|---|
| Jazyk: | španělština |
| Vydáno: |
s.l
s.n
1900
|
| Témata: | |
| Tagy: |
Přidat tag
Žádné tagy, Buďte první, kdo vytvoří štítek k tomuto záznamu!
|
MARC
| LEADER | 00000nam a2200000 a 4500 | ||
|---|---|---|---|
| 001 | UCR1365 | ||
| 003 | CL-VaPUC | ||
| 008 | 971219e19000000sl |||||||||||||||||spa|d | ||
| 082 | 0 | 4 | |a 346.54 |b DER |2 21 |
| 245 | 1 | 0 | |a Derecho romano |
| 246 | 1 | 0 | |a Derecho constitucional |
| 246 | 1 | 0 | |a Derecho penal |
| 246 | 1 | 0 | |a Economía política |
| 300 | |a 72 p | ||
| 942 | |c BK | ||
| 945 | |d 19971219 00:00:00 |a cmena | ||
| 260 | |a s.l |b s.n |c 1900 | ||
| 650 | 0 | |a Derecho romano |9 255930 | |
| 650 | 0 | |a Derecho civil |9 255013 | |
| 650 | 7 | |a DERECHO PENAL |2 CL-VaPUC |9 11 | |
| 650 | 0 | |a Constituciones |9 255417 | |
| 650 | 0 | |a Economía política |9 255814 | |
| 650 | 0 | |a Herencia |9 256325 | |
| 650 | 0 | |a Derecho público |9 255910 | |
| 583 | |a last modification |c 20180102 06:15:13 |k Rodrigo Vera | ||
| 999 | |c 264769 |d 264767 | ||
| 952 | |0 0 |1 0 |4 0 |6 346_540000000000000_DER_1900 |7 0 |8 DER_HDC |9 295184 |a BIBDER |b BIBDER |d 2019-11-19 |i 1921363 |o 346.54 DER 1900 |p 1921363 |r 2023-01-25 |w 2019-11-19 |x Ubicación 4to Piso |y BK_X |z Estos recursos deben solicitarse con anticipación |k DER | ||